السنة والشيعة وحدة الدين : (Record no. 14124)
[ view plain ]
| 000 -الفاتح | |
|---|---|
| حقل البيانات ثابتة الطول | 00918cam a22002057a 4500 |
| 008 - عناصر البيانات ثابتة الطول - معلومات عامة | |
| حقل البيانات ثابتة الطول | 100620t2007 xxu||||gr|||| 00| 0 ara d |
| 020 ## - الرقم الدولى المعيارى للكتب | |
| الرقم الدولى المعيارى للكتاب | 9789953871608 |
| 082 ## - رقم تصنيف ديوى العشرى | |
| رقم الطبعة | 22 |
| رقم التصنيف | 247 |
| رقم المادة | ك ا ت |
| 100 ## - المدخل الرئيسى - إسم شخصى | |
| 9 (RLIN) | 14905 |
| الإسم الشخصى | الكاتب، أحمد |
| 245 ## - بيان العنوان | |
| العنوان | السنة والشيعة وحدة الدين : |
| بيان المسئوليه,etc | أحمد الكاتب. |
| بقية العنوان | خلاف التاريخ والسياسة / |
| 260 ## - PUBLICATION, DISTRIBUTION, ETC. (IMPRINT) | |
| مكان الناشر او الموزع | بيروت: |
| اسم الناشر او الموزع | الدار العربية للعلوم، |
| تاريخ النشر أو التوزيع | 2007. |
| 300 ## - الوصف المادى | |
| التعداد | 216؛ ص |
| أبعاد الوعاء | 24سم. |
| 504 ## - تبصرة ببليوجرافية | |
| تبصرة ببليوجرافية,الخ | يحتوى على إرجاعات ببليوجرافية |
| 650 ## - المدخل الاضافى بالموضوع-مصطلح موضوعى | |
| 9 (RLIN) | 14908 |
| مصطلح موضوعي أو اسم جغرافي كعنصر مدخل | فقه الشيعة |
| 650 ## - المدخل الاضافى بالموضوع-مصطلح موضوعى | |
| 9 (RLIN) | 14826 |
| مصطلح موضوعي أو اسم جغرافي كعنصر مدخل | الشيعة |
| 650 ## - المدخل الاضافى بالموضوع-مصطلح موضوعى | |
| 9 (RLIN) | 14911 |
| مصطلح موضوعي أو اسم جغرافي كعنصر مدخل | السنة |
| 650 ## - المدخل الاضافى بالموضوع-مصطلح موضوعى | |
| 9 (RLIN) | 17684 |
| مصطلح موضوعي أو اسم جغرافي كعنصر مدخل | الأحكام الشرعية |
| 942 ## - عناصر المدخل الإضافي( كوها) | |
| مصدر التصنيف او مخطط الترفيف | Dewey Decimal Classification |
| Koha [default] item type | Book - Borrowing |
| حالة التراجع | حالة الفقد | مصدر التصنيف او خطة الترفيف | حالة تلف | ليس للاعارة | مجموعات كوها | المكان الدائم | المكان الحالي | موقع الترفيف | تاريخ الاكتساب | Source of acquisition | سعر الشراء الطبيعي | تعداد مسلسل / التسلسل الزمني | رقم الاستدعاء | الباركود | Date last seen | مُعار | نوع الوعاء |
|---|---|---|---|---|---|---|---|---|---|---|---|---|---|---|---|---|---|
| Dewey Decimal Classification | Madboly | Central Library | Central Library | Lower Floor | 20/06/2010 | 35.00 | 2358 | 247 ك ا ت | 000020409 | 15/07/2025 | 08/04/2014 | Book - Borrowing |